Beverly, right here

Bibliographic Details
Main Author: DiCamillo, Kate
Format: Book
Published: London : Walker Books , 2019
Subjects:

MARC

LEADER 00000cam a2200000 7i4500
001 0000278493
005 20201117092744.0
020 |a 9781406390704 
090 0 0 |a F   |b DIC 
100 1 |a DiCamillo, Kate 
245 1 0 |a Beverly, right here   |c Kate DiCamillo 
260 |a London :   |b Walker Books ,   |c 2019 
300 |a 249p. ;   |c 21cm. 
650 0 |a Fiction 
999 |a 00385835   |b BUKU   |c PINJAMAN   |e PERPUSTAKAAN KOMUNITI CAW BANDAR UTAMA 
999 |a 00387413   |b BUKU   |c PINJAMAN   |e PERPUSTAKAAN KOMUNITI PETALING JAYA